00493nam a2200193 a 4500001001300000003000900013005001700022008004100039020002300080082001800103100001800121245004200139260003700181300000900218500003500227505001000262650000900272700001800281nice12345678IN_TiNIC20260116013252.0050524s1994 dela grp 000 0 eng  a817099X c35000a956.7043bALA aAlam, Mahboob aIraqi Foreign Policy Since Revolution aDelhibMittal Publication c1994 a294p aincludes index and biblioraphy2 aIndex aIraq1 aAlam, Mahboob